| 000 | 00428nam a22001577a 4500 | ||
|---|---|---|---|
| 003 | 0 | ||
| 005 | 20230620130431.0 | ||
| 008 | 230620b xxu||||| |||| 00| 0 eng d | ||
| 020 | _a978-981-47-2975-8 | ||
| 082 |
_aER _b.Bu988 2016 |
||
| 245 |
_aEverybody feels happy _cButterfield, Moira |
||
| 260 |
_aLondon _bQED Publishing _cc2016 |
||
| 300 |
_a24pp. _bcol. ill. _c25cm. |
||
| 500 | _aChildren's stories. | ||
| 942 |
_2ddc _cER |
||
| 999 |
_c365054 _d365054 |
||